[Event "chess.com IoM Masters"]
[Site "Douglas ENG"]
[Date "2016.10.03"]
[Round "3.32"]
[White "Illingworth, Max"]
[Black "Rakesh, Kumar Jena"]
[Result "1-0"]
[WhiteTitle "GM"]
[BlackTitle "FM"]
[WhiteElo "2465"]
[BlackElo "2247"]
[WhiteFideId "3205207"]
[BlackFideId "5084822"]
[EventDate "2016.10.01"]

1. d4 d5 2. Bf4 c5 3. e3 Nc6 4. c3 Nf6 5. Nd2 Qb6 6. Qb3 c4 7. Qc2 g6 8. e4 Nxe4
9. Nxe4 dxe4 10. Bxc4 Bg7 11. Ne2 O-O 12. Be3 Qc7 13. Bb3 Bf5 14. h3 Na5 15. Bd5
e5 16. O-O-O Rfd8 17. dxe5 Qxe5 18. Bf4 Qe8 19. g4 Be6 20. Bxe6 Qxe6 21. Kb1 Nc4
22. Rhe1 Rac8 23. Rxd8+ Rxd8 24. Ng3 Be5 25. Rxe4 b5 26. Re2 Qf6 27. Bxe5 Nxe5
28. Rd2 Nc4 29. Rxd8+ Qxd8 30. Qe2 Qd5 31. Kc2 b4 32. cxb4 Qd4 33. Kb1 Ne5 34.
a3 Nd3 35. Qd2 Qd5 36. Qe3 Qb3 37. Qe2 Qc4 38. Qe8+ Kg7 39. Qe3 Qb3 40. Qd2 Qd5
41. Ne2 Qf3 42. Qe3 Qh1+ 43. Kc2 Ne1+ 44. Kc3 Qc6+ 45. Qc5 Qa4 1-0

[Event "chess.com IoM Masters"]
[Site "Douglas ENG"]
[Date "2016.10.03"]
[Round "3.33"]
[White "Taylor, Adam C"]
[Black "Trent, Lawrence"]
[Result "0-1"]
[WhiteTitle "FM"]
[BlackTitle "IM"]
[WhiteElo "2236"]
[BlackElo "2463"]
[WhiteFideId "424668"]
[BlackFideId "408638"]
[EventDate "2016.10.01"]

1. e4 c5 2. Ne2 a6 3. g3 b5 4. Bg2 Bb7 5. O-O e6 6. a4 b4 7. d4 cxd4 8. Nxd4 Qc7
9. Be3 Nf6 10. Qd3 Ng4 11. Bd2 Nc6 12. Nxc6 Qxc6 13. h3 Ne5 14. Qd4 Qc7 15. Be3
Nc4 16. Nd2 Nxe3 17. Qxe3 Bc5 18. Qd3 O-O 19. Kh2 a5 20. Nc4 Ba6 21. b3 Rad8 22.
Rad1 f5 23. f4 Kh8 24. e5 g5 25. Qf3 Rg8 26. Nd6 Bxf1 27. Nf7+ Kg7 28. Nxg5 Be7
29. Qh5 Bxg5 30. Qxg5+ Kh8 31. Qf6+ Rg7 32. Rxf1 Kg8 33. Rf2 Rf8 34. Qh4 Qc5 35.
g4 fxg4 36. hxg4 Qe3 37. Qg3 Qxg3+ 38. Kxg3 h5 39. g5 Rxg5+ 0-1

[Event "chess.com IoM Masters"]
[Site "Douglas ENG"]
[Date "2016.10.03"]
[Round "3.34"]
[White "Player, Edmund C"]
[Black "Praggnanandhaa, R"]
[Result "0-1"]
[BlackTitle "IM"]
[WhiteElo "2227"]
[BlackElo "2442"]
[WhiteFideId "406520"]
[BlackFideId "25059530"]
[EventDate "2016.10.01"]

1. e4 e5 2. Nf3 Nc6 3. Bb5 a6 4. Ba4 Nf6 5. O-O b5 6. Bb3 Bc5 7. c3 d6 8. h3 O-O
9. Re1 Bb6 10. d3 h6 11. Nbd2 Ne7 12. Nf1 Ng6 13. Ng3 Re8 14. a4 Bb7 15. Be3
Bxe3 16. fxe3 c5 17. Bc2 Qc7 18. Qd2 c4 19. d4 d5 20. exd5 e4 21. Ne5 Nxe5 22.
dxe5 Qxe5 23. Qf2 Bxd5 24. Rad1 Bc6 25. Rd4 g6 26. Red1 Kg7 27. Ne2 Re7 28. axb5
axb5 29. Rd6 Be8 30. Qg3 Qxg3 31. Nxg3 Ra2 32. Rb1 b4 33. cxb4 c3 34. Rdd1 Rc7
35. Bb3 Rxb2 36. Rdc1 Bb5 37. Rxb2 cxb2 0-1

[Event "chess.com IoM Masters"]
[Site "Douglas ENG"]
[Date "2016.10.03"]
[Round "3.35"]
[White "Sundararajan, Kidambi"]
[Black "Grant, Jonathan I M"]
[Result "1/2-1/2"]
[WhiteTitle "GM"]
[WhiteElo "2429"]
[BlackElo "2223"]
[WhiteFideId "5005370"]
[BlackFideId "2400294"]
[EventDate "2016.10.01"]

1. d4 Nf6 2. Nf3 d5 3. c4 e6 4. g3 dxc4 5. Bg2 Bb4+ 6. Nc3 O-O 7. O-O Nbd7 8.
Qc2 c5 9. dxc5 Bxc5 10. Na4 b5 11. Ng5 Rb8 12. Nxc5 Nxc5 13. Bf4 Rb6 14. Rad1
Qe7 15. Be5 g6 16. Qd2 Nd5 17. e4 f6 18. exd5 fxe5 19. Qb4 Qd6 20. Qa5 Nd3 21.
dxe6 h6 22. Ne4 Qxe6 23. Nc5 Qd6 24. Nxd3 cxd3 25. Be4 Bh3 26. Rxd3 Qc5 27. Bg2
Bxg2 28. Kxg2 Rbf6 29. Qd2 Kg7 30. Rd7+ R8f7 31. Rxf7+ Rxf7 32. Rc1 Rxf2+ 33.
Qxf2 Qxc1 34. Qxa7+ Kf6 35. Qb6+ Kf5 36. Qxb5 Qc2+ 37. Kf3 Qd1+ 38. Kg2 1/2-1/2

[Event "chess.com IoM Masters"]
[Site "Douglas ENG"]
[Date "2016.10.03"]
[Round "3.36"]
[White "Basso, Pier Luigi"]
[Black "Rodshtein, Tereza"]
[Result "0-1"]
[WhiteTitle "IM"]
[BlackTitle "WGM"]
[WhiteElo "2428"]
[BlackElo "2207"]
[WhiteFideId "866970"]
[BlackFideId "325449"]
[EventDate "2016.10.01"]

1. d4 d5 2. c4 c6 3. Nf3 Nf6 4. e3 Bf5 5. Nc3 e6 6. Nh4 Bg6 7. Be2 Nbd7 8. O-O
Bd6 9. g3 O-O 10. Nxg6 hxg6 11. Qc2 Qe7 12. Rd1 Rac8 13. Bd2 e5 14. cxd5 cxd5
15. dxe5 Nxe5 16. Qb3 Qe6 17. Be1 Qh3 18. f3 Rc4 19. Rd2 Rh4 20. Bd1 Nc4 21.
gxh4 Nxd2 22. Bxd2 Qxh2+ 0-1

[Event "chess.com IoM Masters"]
[Site "Douglas ENG"]
[Date "2016.10.03"]
[Round "3.37"]
[White "Wallace, Paul"]
[Black "Alvarado Diaz, Alejandro"]
[Result "1/2-1/2"]
[BlackTitle "IM"]
[WhiteElo "2210"]
[BlackElo "2425"]
[WhiteFideId "2500892"]
[BlackFideId "2276119"]
[EventDate "2016.10.01"]

1. e4 e5 2. Nf3 Nc6 3. Bb5 a6 4. Ba4 Nf6 5. O-O Be7 6. Re1 b5 7. Bb3 O-O 8. a4
b4 9. d3 d6 10. Nbd2 Be6 11. Bxe6 fxe6 12. Nc4 Qe8 13. d4 exd4 14. Nxd4 Nxd4 15.
Qxd4 Qh5 16. f3 Nd7 17. Be3 Bf6 18. Qd2 Ne5 19. Qe2 Ng6 20. Rad1 d5 21. exd5
exd5 22. g4 Qh3 23. Rxd5 Nh4 24. Rf1 Rae8 25. Rf2 Bxb2 26. Nxb2 Rxf3 27. Rxf3
Nxf3+ 28. Kh1 Nxh2 29. Rh5 Qxe3 30. Qxe3 Rxe3 31. Rxh2 Ra3 32. Rd2 Ra2 33. Nc4
Rxa4 34. Rd7 Ra1+ 35. Kg2 Ra2 36. Ne3 c5 37. Kf3 c4 38. Rb7 a5 39. Nxc4 Rxc2 40.
Nxa5 Rc5 41. Rb8+ Kf7 42. Nb7 Rc3+ 43. Kf4 Ke7 44. Na5 Rc5 45. Rxb4 1/2-1/2

[Event "chess.com IoM Masters"]
[Site "Douglas ENG"]
[Date "2016.10.03"]
[Round "3.38"]
[White "Gaponenko, Inna"]
[Black "Arnold, Max"]
[Result "1/2-1/2"]
[WhiteTitle "IM"]
[WhiteElo "2421"]
[BlackElo "2202"]
[WhiteFideId "14101181"]
[BlackFideId "24682810"]
[EventDate "2016.10.01"]

1. e4 e5 2. Nf3 Nc6 3. Bb5 Nf6 4. O-O Nxe4 5. d4 Nd6 6. Bxc6 dxc6 7. dxe5 Nf5 8.
Qxd8+ Kxd8 9. h3 Ke8 10. Nc3 h5 11. Bf4 Be7 12. Rad1 Be6 13. Ng5 Rh6 14. g3 Bxg5
15. Bxg5 Rg6 16. h4 f6 17. exf6 gxf6 18. Bf4 Nxh4 19. f3 Rd8 20. Rxd8+ Kxd8 21.
Kf2 Nf5 22. b3 b6 23. Rh1 Ng7 24. Ne2 Bf7 25. c4 a5 26. a4 Kd7 27. Rd1+ Kc8 28.
Nd4 Ne6 29. Nxe6 Bxe6 30. Rh1 Rg7 31. Rxh5 f5 32. Be5 Rf7 33. Ke3 Kb7 34. Kd4
Rd7+ 35. Kc3 Re7 36. Bf4 Bd7 37. Kd2 Be6 38. Rh6 Bd7 39. Rf6 Rh7 40. Kc3 Rh1 41.
Rf7 Kc8 42. Rf8+ Kb7 43. Rd8 Bc8 44. Rd3 c5 45. Kd2 Rh7 46. Ke3 Re7+ 47. Kf2 Bd7
48. Bg5 Rh7 49. Ke3 Kc6 50. Bh4 Rf7 51. Kf4 Bc8 52. Rd8 Kb7 53. Ke5 Rd7 54. Rxd7
Bxd7 55. f4 Kc8 56. g4 fxg4 57. f5 Be8 58. Ke6 Bd7+ 59. Kf6 c6 60. Kg5 Kd8 61.
Kxg4+ Ke8 62. Kf4 b5 63. Be1 bxc4 64. bxc4 Bc8 65. Bxa5 Ba6 66. f6 Bxc4 67. Bb6
Kd7 68. a5 Kc8 69. a6 Kb8 70. Bxc5 Ka8 71. Ke5 Ba2 72. Kd6 Bb3 1/2-1/2

[Event "chess.com IoM Masters"]
[Site "Douglas ENG"]
[Date "2016.10.03"]
[Round "3.39"]
[White "Tarjan, James E"]
[Black "Laustsen, Lars"]
[Result "1-0"]
[WhiteTitle "GM"]
[WhiteElo "2420"]
[BlackElo "2151"]
[WhiteFideId "2000180"]
[BlackFideId "1407554"]
[EventDate "2016.10.01"]

1. c4 c5 2. Nf3 Nc6 3. e3 Nf6 4. Nc3 g6 5. d4 cxd4 6. exd4 d5 7. cxd5 Nxd5 8.
Bc4 Nxc3 9. Qb3 Nd5 10. Bxd5 e6 11. Bxc6+ bxc6 12. O-O Bg7 13. Be3 O-O 14. Rfc1
Qd6 15. Qa3 Rd8 16. Rc5 Bd7 17. h4 Rdb8 18. Ne5 Rb5 19. Rxb5 1-0

[Event "chess.com IoM Masters"]
[Site "Douglas ENG"]
[Date "2016.10.03"]
[Round "3.40"]
[White "Vardan, Nagpal"]
[Black "Das, Arghyadip"]
[Result "0-1"]
[BlackTitle "IM"]
[WhiteElo "2117"]
[BlackElo "2400"]
[WhiteFideId "25089544"]
[BlackFideId "5003610"]
[EventDate "2016.10.01"]

1. d4 Nf6 2. c4 b6 3. f3 Nc6 4. e4 e5 5. Ne2 Bb4+ 6. Bd2 Bxd2+ 7. Qxd2 O-O 8. d5
Ne7 9. Nbc3 d6 10. O-O-O a6 11. Kb1 Bd7 12. Nc1 Qb8 13. Nb3 Rd8 14. Bd3 Be8 15.
Qe2 c6 16. g3 a5 17. f4 Nd7 18. h4 a4 19. Nd2 Nc5 20. Nf3 Bd7 21. f5 f6 22. g4
cxd5 23. cxd5 b5 24. Rdg1 b4 25. Nd1 Nxd3 26. Qxd3 Qb5 27. Qd2 Rac8 28. g5 Nxd5
29. gxf6 Nxf6 30. Nf2 Bc6 31. Rxg7+ Kxg7 32. Rg1+ Kh8 33. Qh6 Nh5 34. Ng5 Qb7
35. Qxh5 Rg8 36. Rd1 Rgf8 37. Rxd6 Qc7 38. Qd1 Rg8 39. Rh6 Rg7 40. Ne6 Bxe4+ 41.
Nxe4 Qc2+ 0-1

[Event "chess.com IoM Masters"]
[Site "Douglas ENG"]
[Date "2016.10.03"]
[Round "3.41"]
[White "Pasini, Nicolo"]
[Black "Houska, Jovanka"]
[Result "0-1"]
[BlackTitle "IM"]
[WhiteElo "2101"]
[BlackElo "2386"]
[WhiteFideId "2809600"]
[BlackFideId "405094"]
[EventDate "2016.10.01"]

1. e4 c6 2. d4 d5 3. Nc3 a6 4. a4 dxe4 5. Bc4 Bf5 6. f3 e3 7. Bxe3 e6 8. Nge2
Bd6 9. Qd2 Nf6 10. Bf4 Bb4 11. g4 Bg6 12. Bxb8 Qxb8 13. Nf4 Bxc2 14. Nxe6 fxe6
15. Qxc2 Nd5 16. O-O Qf4 17. Qe4 Qxe4 18. Nxe4 Ne3 19. Rfc1 Nxc4 20. Rxc4 a5 21.
Nc5 Bxc5 22. dxc5 O-O 23. Ra3 Rad8 24. Rc2 Rd4 25. Rb3 Rxa4 26. Kg2 Rf7 27. Rd2
Re7 28. Rd8+ Kf7 29. Rb8 Rc4 30. R8xb7 Rxc5 31. Rxe7+ Kxe7 32. Rb7+ Kf6 33. Kg3
Rb5 34. Ra7 h6 35. h4 g6 36. Ra6 c5 37. Ra8 c4 38. Rc8 Rb4 39. Rc5 a4 40. g5+
hxg5 41. hxg5+ Ke7 42. f4 Kd6 43. Rc8 Rb3+ 44. Kg4 Rxb2 45. Rxc4 Ra2 46. Kf3 Ra1
47. Kg2 a3 48. Rd4+ Kc5 49. Re4 Rc1 50. Ra4 Rc3 51. Ra6 Kb5 52. Ra8 Kb4 53. Ra6
Kb3 54. Rb6+ Kc2 55. Rxe6 a2 56. Ra6 Kb2 57. f5 a1=Q 58. Rxa1 Kxa1 0-1

[Event "chess.com IoM Masters"]
[Site "Douglas ENG"]
[Date "2016.10.03"]
[Round "3.42"]
[White "Bellaiche, Anthony"]
[Black "Salem, A.R. Saleh"]
[Result "0-1"]
[WhiteTitle "IM"]
[BlackTitle "GM"]
[WhiteElo "2494"]
[BlackElo "2650"]
[WhiteFideId "615668"]
[BlackFideId "9301348"]
[EventDate "2016.10.01"]

1. d4 Nf6 2. c4 g6 3. Nc3 d5 4. Bg5 Ne4 5. Bh4 Nxc3 6. bxc3 dxc4 7. e3 Be6 8.
Nf3 Bg7 9. Qb1 b6 10. Ng5 Bd5 11. e4 h6 12. Nh3 Bb7 13. Bxc4 O-O 14. Qc2 c5 15.
d5 Ba6 16. Bxa6 Nxa6 17. O-O c4 18. Qa4 Nc5 19. Qxc4 Rc8 20. f4 b5 21. Qe2 Na4
22. f5 Nxc3 23. Qg4 Rc4 24. Rae1 g5 25. Nxg5 hxg5 26. Bxg5 Nxd5 27. Kh1 Nf6 28.
Qg3 Qc7 29. Bf4 Qc6 0-1

[Event "chess.com IoM Masters"]
[Site "Douglas ENG"]
[Date "2016.10.03"]
[Round "3.43"]
[White "Harari, Zaki"]
[Black "Arakhamia-Grant, Ketevan"]
[Result "0-1"]
[BlackTitle "GM"]
[WhiteElo "2061"]
[BlackElo "2376"]
[WhiteFideId "2002639"]
[BlackFideId "13600168"]
[EventDate "2016.10.01"]

1. d4 Nf6 2. c4 c5 3. d5 e5 4. Nc3 d6 5. e4 Nbd7 6. Bd3 Be7 7. Nf3 Nf8 8. h3 Ng6
9. Be3 h5 10. Qd2 a6 11. a4 Bd7 12. Ne2 h4 13. b4 b6 14. a5 b5 15. O-O bxc4 16.
Bc2 cxb4 17. Qxb4 O-O 18. Nc3 Nh5 19. Na4 Ngf4 20. Nb6 Rb8 21. Kh2 Bb5 22. Rfb1
Qc7 23. Ra3 g6 24. Qd2 f5 25. Rc3 fxe4 26. Bxe4 Nf6 27. Bc2 Nd7 28. Ng1 Nxb6 29.
Bxb6 Qd7 30. g3 Bg5 31. Be3 hxg3+ 32. fxg3 Nd3 33. Bxd3 Bxe3 34. Qxe3 cxd3 35.
Nf3 Qf7 36. Qe4 Qf5 37. Nd2 Bd7 38. Rxb8 Qxh3+ 39. Kg1 Qxg3+ 40. Kh1 Rxb8 41.
Rxd3 Qg5 42. Re3 Bf5 43. Qf3 Kg7 44. Nf1 Rh8+ 45. Nh2 Rh3 0-1

[Event "chess.com IoM Masters"]
[Site "Douglas ENG"]
[Date "2016.10.03"]
[Round "3.44"]
[White "Johnson, Paul A"]
[Black "Hemant, Sharma2"]
[Result "0-1"]
[WhiteElo "1893"]
[BlackElo "2371"]
[WhiteFideId "415677"]
[BlackFideId "5025842"]
[EventDate "2016.10.01"]

1. d4 c5 2. e3 g6 3. Nf3 Bg7 4. c4 Na6 5. Nc3 d6 6. Be2 f5 7. O-O Nf6 8. a3 O-O
9. Qc2 Qe8 10. d5 h6 11. Bd3 Qf7 12. Bd2 Ng4 13. e4 g5 14. h3 Ne5 15. Nxe5 Bxe5
16. exf5 Bxf5 17. Rae1 Nc7 18. Be4 Qg6 19. Bxf5 Qxf5 20. Qe4 Rab8 21. Re2 b5 22.
Qxf5 Rxf5 23. cxb5 Nxb5 24. Nxb5 Rxb5 25. Bc1 Kf7 26. Rc2 Bd4 27. Rd1 Rxd5 28.
Be3 e5 29. b4 Ke6 30. bxc5 dxc5 31. Kf1 Bxe3 32. Rxd5 Kxd5 33. fxe3 Rb3 34. Ke2
Rxa3 35. Kf3 e4+ 36. Ke2 a5 37. Rb2 a4 38. Rb6 Ra2+ 39. Kf1 a3 40. Rxh6 Rb2 0-1

[Event "chess.com IoM Masters"]
[Site "Douglas ENG"]
[Date "2016.10.03"]
[Round "3.45"]
[White "Ushenina, Anna"]
[Black "Sipos, Silvester"]
[Result "1-0"]
[WhiteTitle "GM"]
[WhiteElo "2459"]
[BlackElo "2006"]
[WhiteFideId "14110911"]
[BlackFideId "444260"]
[EventDate "2016.10.01"]

1. Nf3 b6 2. g3 Bb7 3. Bg2 Nf6 4. O-O e6 5. c4 Be7 6. b3 O-O 7. Bb2 d5 8. e3
Nbd7 9. Nc3 Rc8 10. Qe2 Re8 11. Rad1 Bf8 12. Ne1 Ba6 13. f4 c5 14. d3 Bb7 15. g4
g6 16. g5 Nh5 17. cxd5 exd5 18. Nxd5 Bxd5 19. Bxd5 Nxf4 20. Rxf4 Qxg5+ 21. Qg2
Qxg2+ 22. Nxg2 1-0

[Event "chess.com IoM Masters"]
[Site "Douglas ENG"]
[Date "2016.10.03"]
[Round "3.46"]
[White "Harsha, Bharathakoti"]
[Black "Parnali, S Dharia"]
[Result "1-0"]
[BlackTitle "WIM"]
[WhiteElo "2363"]
[BlackElo "2228"]
[WhiteFideId "5078776"]
[BlackFideId "5043131"]
[EventDate "2016.10.01"]

1. Nf3 d5 2. c4 e6 3. g3 Nf6 4. Bg2 c5 5. O-O Nc6 6. b3 Be7 7. e3 e5 8. d3 O-O
9. Bb2 d4 10. exd4 exd4 11. Na3 Bf5 12. Nc2 a5 13. a3 Qb6 14. Rb1 Qxb3 15. Nfe1
Qa4 16. Bc1 Nd8 17. h3 Qd7 18. g4 Nxg4 19. hxg4 Bxg4 20. Bf3 Ra6 21. Bxg4 Rg6
22. Ng2 Rxg4 23. f4 Qf5 24. Ne1 h5 25. Nf3 h4 26. Ne5 Rg3 27. Rf3 Qh3 28. Rxg3
hxg3 29. Nf3 g5 30. fxg5 Ne6 31. Nf4 Qg4 32. Nd5 Bxg5 33. Bxg5 1-0

[Event "chess.com IoM Masters"]
[Site "Douglas ENG"]
[Date "2016.10.03"]
[Round "3.47"]
[White "Balint, Vilmos"]
[Black "De Rosa, Mariagrazia"]
[Result "1-0"]
[BlackTitle "WFM"]
[WhiteElo "2334"]
[BlackElo "2102"]
[WhiteFideId "718050"]
[BlackFideId "815136"]
[EventDate "2016.10.01"]

1. d4 Nf6 2. Nf3 g6 3. g3 Bg7 4. Bg2 O-O 5. O-O d6 6. c4 Nc6 7. Nc3 a6 8. e3 Rb8
9. Qe2 b5 10. Rd1 b4 11. Nd5 Nxd5 12. cxd5 Na5 13. e4 c5 14. dxc5 dxc5 15. Bf4
Rb6 16. Be3 Qd6 17. Rac1 Rb5 18. h3 Bd7 19. Bf4 Qb6 20. e5 Nb7 21. Nd2 Na5 22.
Qe3 Rc8 23. b3 Qa7 24. Bf1 Rb7 25. Ne4 Bb5 26. Rxc5 Rxc5 27. Nxc5 Rc7 28. Bxb5
axb5 29. d6 Rxc5 30. d7 Nb7 31. d8=Q+ Nxd8 32. Rxd8+ 1-0

[Event "chess.com IoM Masters"]
[Site "Douglas ENG"]
[Date "2016.10.03"]
[Round "3.48"]
[White "McLaren, Brian"]
[Black "L'Ami, Alina"]
[Result "0-1"]
[BlackTitle "IM"]
[WhiteElo "2149"]
[BlackElo "2322"]
[WhiteFideId "2604612"]
[BlackFideId "1210246"]
[EventDate "2016.10.01"]

1. e4 c5 2. Nc3 d6 3. g3 Nc6 4. Bg2 g6 5. d3 Bg7 6. Be3 Rb8 7. Qc1 b5 8. h3 Nd4
9. Nce2 b4 10. c3 bxc3 11. bxc3 Qa5 12. Bd2 Nc6 13. Qc2 Ba6 14. Rb1 Rxb1+ 15.
Qxb1 Qb6 16. Qc2 Nf6 17. Nc1 O-O 18. Nge2 Rb8 19. f4 c4 20. d4 e5 21. fxe5 dxe5
22. d5 Nd8 23. Rf1 Nb7 24. g4 Nc5 25. Be3 Nfd7 26. Rf3 Qa5 27. Kf1 Qa3 28. Rg3
Bb5 29. h4 Ba4 30. Qd2 Rb2 31. Bxc5 Nxc5 32. Qe3 Bd1 33. Bf3 Bxe2+ 34. Nxe2 Nd3
35. g5 Bf8 0-1

[Event "chess.com IoM Masters"]
[Site "Douglas ENG"]
[Date "2016.10.03"]
[Round "3.49"]
[White "Karthik, Venkataraman"]
[Black "Scott, Gordon W"]
[Result "1-0"]
[WhiteTitle "FM"]
[WhiteElo "2317"]
[BlackElo "2168"]
[WhiteFideId "25006479"]
[BlackFideId "419559"]
[EventDate "2016.10.01"]

1. d4 Nf6 2. Bg5 g6 3. Nc3 d5 4. Qd2 Ne4 5. Nxe4 dxe4 6. c3 Qd5 7. h4 Bg7 8. Bh6
Bxh6 9. Qxh6 Nc6 10. e3 Bf5 11. g4 Bxg4 12. Qf4 h5 13. Qxc7 O-O 14. Nh3 e5 15.
c4 Qa5+ 16. Qxa5 Nxa5 17. d5 Rac8 18. c5 Rxc5 19. b4 Rc2 20. bxa5 Rd8 21. Bg2
Rxd5 22. Bxe4 Re2+ 23. Kf1 Rdd2 24. Bxb7 f5 25. Rh2 Bxh3+ 26. Rxh3 Rxf2+ 27. Kg1
e4 28. Rg3 Kh7 29. Rc1 Rxa2 30. Rc7+ Kh6 31. Bd5 Rfc2 32. Bxa2 Rxc7 33. Rg2 Rc1+
34. Kh2 Rc3 35. Bf7 Rxe3 36. Rxg6+ Kh7 37. Rf6 Ra3 38. Rxf5 e3 39. Bxh5 e2 40.
Bxe2 Kg6 41. Rg5+ Kf6 42. Kg2 Ra2 43. Kf3 Ra3+ 44. Kf4 1-0

[Event "chess.com IoM Masters"]
[Site "Douglas ENG"]
[Date "2016.10.03"]
[Round "3.50"]
[White "Zozulia, Anna"]
[Black "Bianco, Valerio"]
[Result "1-0"]
[WhiteTitle "IM"]
[WhiteElo "2303"]
[BlackElo "2074"]
[WhiteFideId "14102110"]
[BlackFideId "800600"]
[EventDate "2016.10.01"]

1. e4 g6 2. d4 Bg7 3. Nc3 d6 4. f4 a6 5. Nf3 b5 6. Be3 Nd7 7. Qd2 Bb7 8. d5 Ngf6
9. a3 c5 10. dxc6 Bxc6 11. Bd3 O-O 12. Qe2 Bb7 13. O-O Rc8 14. Rad1 Qc7 15. Kh1
Qb8 16. Nd2 Qa8 17. Bd4 e5 18. fxe5 Nxe5 19. Nf3 Nc6 20. Bxf6 Bxf6 21. Nd5 Bd8
22. c4 Na7 23. cxb5 Nxb5 24. a4 Bxd5 25. axb5 Bb3 26. Ra1 a5 27. Nd4 Be6 28.
Nxe6 fxe6 29. Bc4 Rc7 30. Bxe6+ Kg7 31. Rxf8 Kxf8 32. Qf2+ Kg7 33. Rf1 Kh6 34.
Bd5 Qc8 35. b6 Rc2 36. Qf8+ Kh5 37. b7 Qg4 38. e5 Bc7 39. Bf3 1-0

[Event "chess.com IoM Masters"]
[Site "Douglas ENG"]
[Date "2016.10.03"]
[Round "3.51"]
[White "Osmanodja, Filiz"]
[Black "Guo, Emma"]
[Result "1-0"]
[WhiteTitle "WIM"]
[BlackTitle "WIM"]
[WhiteElo "2299"]
[BlackElo "2018"]
[WhiteFideId "24633569"]
[BlackFideId "3200795"]
[EventDate "2016.10.01"]

1. e4 e5 2. Nf3 Nc6 3. Bb5 a6 4. Ba4 Nf6 5. O-O Nxe4 6. d4 b5 7. Bb3 d5 8. dxe5
Be6 9. Be3 Be7 10. c3 O-O 11. Nbd2 Bg4 12. Nxe4 dxe4 13. Qd5 Qxd5 14. Bxd5 exf3
15. Bxc6 fxg2 16. Kxg2 Rab8 17. b4 Be2 18. Rfe1 Bc4 19. a4 bxa4 20. Rxa4 Bb5 21.
Bxb5 Rxb5 22. Rxa6 Rxe5 23. Rea1 Rb5 24. Ra8 f5 25. Bf4 c5 26. Rxf8+ Kxf8 27.
Ra5 Rb6 28. b5 Bd8 29. Ra8 Ke7 30. Bg5+ 1-0

[Event "chess.com IoM Masters"]
[Site "Douglas ENG"]
[Date "2016.10.03"]
[Round "3.52"]
[White "Gungl, Theo"]
[Black "Birkett, Richard"]
[Result "1-0"]
[WhiteTitle "FM"]
[WhiteElo "2257"]
[BlackElo "1996"]
[WhiteFideId "24695653"]
[BlackFideId "2401819"]
[EventDate "2016.10.01"]

1. e4 e5 2. Nf3 Nc6 3. Bb5 d6 4. O-O Bd7 5. c3 Nge7 6. d4 Ng6 7. Be3 Be7 8. d5
Nb8 9. Bxd7+ Nxd7 10. c4 O-O 11. Nc3 f5 12. exf5 Rxf5 13. Ne4 Nh4 14. Nxh4 Bxh4
15. Qg4 Rf7 16. Bg5 Bxg5 17. Nxg5 Re7 18. Ne6 Nf6 19. Qg5 Qd7 20. Rae1 h6 21.
Qd2 c6 22. f4 e4 23. f5 cxd5 24. cxd5 Qb5 25. Rd1 Qb6+ 26. Kh1 Rf7 27. h3 Rc8
28. Rc1 Rxc1 29. Rxc1 e3 30. Qe2 Ne4 31. Rc8+ Kh7 32. Qf3 e2 33. Qxe4 Qf2 34.
f6+ g6 35. Nf8+ Kh8 36. Nxg6+ 1-0

[Event "chess.com IoM Masters"]
[Site "Douglas ENG"]
[Date "2016.10.03"]
[Round "3.53"]
[White "Lorscheid, Gerhard"]
[Black "Kotepalli, Sai Nirupama"]
[Result "1-0"]
[WhiteTitle "FM"]
[BlackTitle "WFM"]
[WhiteElo "2238"]
[BlackElo "1944"]
[WhiteFideId "4606000"]
[BlackFideId "5039444"]
[EventDate "2016.10.01"]

1. d4 Nf6 2. c4 g6 3. Nc3 Bg7 4. e4 d6 5. Be2 O-O 6. Bg5 c6 7. Qd2 Qc7 8. h4 h5
9. f3 Re8 10. Nh3 a6 11. Nf2 b5 12. Rc1 b4 13. Ncd1 c5 14. d5 e6 15. Ne3 Nbd7
16. dxe6 Rxe6 17. O-O Bb7 18. Rfd1 Ne5 19. Nd5 Bxd5 20. cxd5 Re7 21. f4 Ned7 22.
e5 Nxe5 23. fxe5 Rxe5 24. Bf3 a5 25. b3 Qd7 26. Re1 Rxe1+ 27. Rxe1 a4 28. Qf4
Re8 29. Rxe8+ Nxe8 30. Qe4 Kf8 31. Qd3 Nc7 32. Ne4 axb3 33. axb3 Qf5 34. Nxc5
dxc5 35. Qxf5 gxf5 36. d6 Ne6 37. Be7+ Kg8 38. d7 c4 39. d8=Q+ Nxd8 40. Bxd8
cxb3 41. Bd1 b2 42. Bc2 f4 43. Kf2 Kf8 44. Kf3 Be5 45. Bg5 Ke8 46. Bxf4 Bc3 47.
Ke4 Ke7 48. Kd5 Kd7 49. Bf5+ Ke7 50. Bg5+ Bf6 51. g3 1-0

[Event "chess.com IoM Masters"]
[Site "Douglas ENG"]
[Date "2016.10.03"]
[Round "3.54"]
[White "Allen, Keith"]
[Black "Gagare, Shalmali"]
[Result "1/2-1/2"]
[BlackTitle "WIM"]
[WhiteElo "2236"]
[BlackElo "1989"]
[WhiteFideId "2501147"]
[BlackFideId "5038650"]
[EventDate "2016.10.01"]

1. d4 d5 2. c4 c6 3. Nf3 Nf6 4. e3 Bg4 5. Qb3 Qb6 6. Nc3 e6 7. Nh4 Nbd7 8. h3
Bh5 9. g4 Bg6 10. Nxg6 hxg6 11. Bg2 Be7 12. Bd2 Qxb3 13. axb3 g5 14. O-O O-O 15.
Rfe1 Rfd8 16. c5 e5 17. b4 a6 18. Ne2 e4 19. Nc1 Nf8 20. Nb3 Rd7 21. Bf1 Rc8 22.
Na5 Rcc7 23. Nxb7 Rxb7 24. Rxa6 Rdc7 25. Rea1 Rc8 26. Bc3 Ne6 27. Ra7 Rcb8 28.
Rxb7 Rxb7 29. Ra8+ Kh7 30. Ba6 Rd7 31. b5 cxb5 32. Bxb5 Nc7 33. Bxd7 Nxa8 34.
Ba4 Nc7 35. b4 Ne6 36. Bb2 Bf8 37. Ba3 Be7 38. Bc6 Nd8 39. Ba8 Ne6 40. b5 Bd8
41. b6 Kg8 42. Bb4 Nf8 43. Ba5 N8d7 44. Kf1 Kf8 45. Ke2 Ke7 46. Kd2 Ke6 47. Kc3
Nxb6 48. cxb6 Nd7 49. Bc6 Nxb6 50. Kb3 Bc7 51. Be8 Ke7 52. Bc6 Ke6 53. Be8 Ke7
54. Bb5 Ke6 55. Bc6 Kd6 56. Bb7 Ke6 57. Bb4 Kd7 58. Bf8 g6 59. Bc5 Ke6 60. Ba6
Kd7 61. Kb4 Bd6 62. Bb5+ Ke6 63. Be8 Bc7 64. Bf8 Nd7 65. Bc5 Nxc5 1/2-1/2